000 01547nam a2200253 a 4500
005 20140220020002.0
008 140130b2007 ck ||||| |||| 00| 0 spa d
041 _aspa
044 _ack
090 _aIAVH
_b01136
100 _aCárdenas Botero, Klaudia
_92680
245 _aInvestigación Acción Participativa
_b herramientas metodológicas
260 _aBogotá
_bInstituto Alexander von Humboldt
_c2007
300 _a32 p.
520 _aEn el marco del proyecto Sviluppo rurale, sanitá di base attraverso LŽuso di risorse locali in quattro comunitá desplazadas della Colombia, componente recuperación de prácticas locales en la salud y la alimentación, se elaboraron las metodologías para identificar y documentar las prácticas sobresalientes de seguridad alimentaria y la salud en sistemas productivos en las áreas seleccionadas. Para ellos se elaboró un inventario de plantas de uso alimenticio y de la salud con la familia (formato Lo que tenemos); distribución de especies en espacios de uso: huerto-cultivo; se elaboró un calendario productivo y su asociación con eventos culturales de la comunidad (Qué sabemos de nuestras plantas); análisis de la percepción de importancia de espacios de uso en huertas y cultivos entre otros
650 _aInvestigación acción participativa
_95984
650 _aHuertos
_95985
650 _aSalud
_95986
650 _aAlimentación
_94357
650 _aPrácticas tradicionales
_95672
650 _aSeguridad alimetaria
_95987
942 _cImpreso
_2z
_01
945 _d2008-09-22
999 _c6603
_d6603